Principles and Practice of Case-based Clinical Reasoning Education: A Method for Preclinical Students (Record no. 32688)
[ view plain ]
| 000 -LEADER | |
|---|---|
| fixed length control field | 00660nam a2200133Ia 4500 |
| 008 - FIXED-LENGTH DATA ELEMENTS--GENERAL INFORMATION | |
| fixed length control field | 220620s9999||||xx |||||||||||||| ||und|| |
| 022 ## - INTERNATIONAL STANDARD SERIAL NUMBER | |
| International Standard Serial Number | 1572-1957 / 2542-9957 |
| 100 ## - MAIN ENTRY--PERSONAL NAME | |
| Personal name | Eugène J.F.M. Custers||Olle ten Cate||Steven J. Durning |
| 245 #0 - TITLE STATEMENT | |
| Title | Principles and Practice of Case-based Clinical Reasoning Education: A Method for Preclinical Students |
| 546 ## - LANGUAGE NOTE | |
| Language note | English[eng] |
| 650 ## - SUBJECT ADDED ENTRY--TOPICAL TERM | |
| Topical term or geographic name entry element | problem-based learning||dual process theory||diagnostic errors||peer teaching||assessment of clinical reasoning||diagnostic bias||scripts||semantic qualifiers||medical problem-solving |
| 856 ## - ELECTRONIC LOCATION AND ACCESS | |
| Uniform Resource Identifier | <a href="https://link.springer.com/book/10.1007/978-3-319-64828-6">https://link.springer.com/book/10.1007/978-3-319-64828-6</a> |
| 942 ## - ADDED ENTRY ELEMENTS (KOHA) | |
| Koha item type | E-Books |
| Withdrawn status | Lost status | Damaged status | Not for loan | Home library | Current library | Date acquired | Total Checkouts | Date last seen | Price effective from | Koha item type |
|---|---|---|---|---|---|---|---|---|---|---|
| Kerala University of Digital Sciences, Innovation and Technology Knowledge Centre | Kerala University of Digital Sciences, Innovation and Technology Knowledge Centre | 20/06/2022 | 20/06/2022 | 20/06/2022 | E-Books |